[Event "PRO League Group Stage"]
[Site "chess.com INT"]
[Date "2019.01.10"]
[Round "1"]
[White "Lagunow, Raphael"]
[Black "Meier, Georg"]
[Result "1/2-1/2"]
[WhiteTitle "FM"]
[BlackTitle "GM"]
[WhiteElo "2413"]
[BlackElo "2623"]
[WhiteTeam "Berlin Bears"]
[BlackTeam "Baden-Baden Snowballs"]
[WhiteFideId "24652644"]
[BlackFideId "4675789"]
[EventDate "2019.01.08"]

1. e4 e6 2. d4 d5 3. Nd2 c5 4. exd5 Qxd5 5. Ngf3 cxd4 6. Bc4 Qd7 7. O-O Nc6 8.
Nb3 Nf6 9. Qe2 a6 10. a4 Qc7 11. Rd1 Bd7 12. Nbxd4 Bc5 13. Be3 Nxd4 14. Bxd4
Bxd4 15. Rxd4 O-O 16. Qe5 Rfc8 17. Qxc7 Rxc7 18. Ne5 Kf8 19. a5 Ke7 20. f3 Be8
21. Kf2 Rac8 22. Bb3 g5 23. f4 gxf4 24. Rxf4 Rc5 25. Nd3 Rh5 26. Kg1 Nd7 27. Rb4
Rc7 28. Nf4 Re5 29. Nd3 Rg5 30. Rh4 h5 31. Re1 Nc5 32. Nxc5 Rcxc5 33. g3 Rxa5
34. Rf4 Bc6 35. Re3 Rg4 36. Rf1 h4 37. Rxf7+ Kxf7 38. Bxe6+ Kf6 39. Bxg4 Ra1+
40. Kf2 Rh1 41. gxh4 Rxh2+ 42. Kg3 Rxc2 43. b3 Bd5 44. Bf3 Rc5 45. Bxd5 Rxd5 46.
Kf4 Rb5 47. Ke4 Rb4+ 48. Kd5 Rxh4 49. Kc5 Rh5+ 50. Kc4 b6 51. Kc3 Re5 52. Rh3
Ke7 53. Rh6 Re6 54. Rh7+ Kd6 55. Ra7 a5 56. b4 axb4+ 57. Kxb4 Kc6 58. Rh7 Re4+
59. Kb3 Re5 60. Rh6+ Kb5 61. Rh3 Rd5 62. Rg3 1/2-1/2

[Event "PRO League Group Stage"]
[Site "chess.com INT"]
[Date "2019.01.10"]
[Round "1"]
[White "Kollars, Dmitrij"]
[Black "Mons, Leon"]
[Result "0-1"]
[WhiteTitle "GM"]
[BlackTitle "GM"]
[WhiteElo "2562"]
[BlackElo "2544"]
[WhiteTeam "Baden-Baden Snowballs"]
[BlackTeam "Berlin Bears"]
[WhiteFideId "12909572"]
[BlackFideId "4614950"]
[EventDate "2019.01.08"]

1. e4 e5 2. Nf3 Nc6 3. Bc4 Nf6 4. d3 Bc5 5. O-O d6 6. c3 O-O 7. Nbd2 a5 8. Bb3
Be6 9. Ba4 Qb8 10. Bxc6 bxc6 11. d4 exd4 12. cxd4 Ba7 13. Re1 Re8 14. h3 c5 15.
d5 Bd7 16. Qc2 c6 17. dxc6 Bxc6 18. b3 Qb7 19. e5 dxe5 20. Bb2 e4 21. Ng5 Qe7
22. Rac1 Rad8 23. Bxf6 Qxf6 24. Ngxe4 Qg6 25. f3 h6 26. Nc4 Bb8 27. Red1 f5 28.
Rxd8 Rxd8 29. Nxc5 Qg3 30. Qf2 Qh2+ 31. Kf1 Ba7 32. Ne3 Bb5+ 33. Ke1 Qh1+ 34.
Nf1 Bxc5 35. Rxc5 Bxf1 36. Qe3 Bxg2+ 37. Kf2 Bxh3 38. Kg3 Qg2+ 39. Kh4 Bg4 40.
fxg4 Qxg4# 0-1

[Event "PRO League Group Stage"]
[Site "chess.com INT"]
[Date "2019.01.10"]
[Round "1"]
[White "Berger, Steve"]
[Black "Alekseenko, Kirill"]
[Result "1-0"]
[WhiteTitle "IM"]
[BlackTitle "GM"]
[WhiteElo "2435"]
[BlackElo "2637"]
[WhiteTeam "Berlin Bears"]
[BlackTeam "Baden-Baden Snowballs"]
[WhiteFideId "4644786"]
[BlackFideId "4135539"]
[EventDate "2019.01.08"]

1. e4 c5 2. Nc3 d6 3. f4 Nc6 4. Nf3 g6 5. Bb5 Bg7 6. O-O Bd7 7. Bc4 Nd4 8. a4 e6
9. d3 Ne7 10. Nxd4 cxd4 11. Nb5 Bc6 12. f5 gxf5 13. Qh5 d5 14. exf5 Nxf5 15.
Rxf5 exf5 16. Bg5 Bf6 17. Re1+ Kf8 18. Nd6 Qd7 19. Bxf6 h6 20. Re7 Qxe7 21.
Bxe7+ Kxe7 22. Nxf5+ Kf6 23. Bb3 Rae8 24. Nxd4 Re5 25. Qh4+ Kg6 26. Nf3 Re6 27.
d4 f6 28. Qg4+ Kf7 29. Bxd5 Bxd5 30. Qh5+ Ke7 31. Qxd5 Rd8 32. Qxb7+ Rd7 33.
Qb4+ Kf7 34. c4 Re2 35. c5 Rde7 36. c6 1-0

[Event "PRO League Group Stage"]
[Site "chess.com INT"]
[Date "2019.01.10"]
[Round "1"]
[White "Stevanic, David"]
[Black "Asis Gargatagli, Hipolito"]
[Result "0-1"]
[WhiteTitle "FM"]
[BlackTitle "IM"]
[WhiteElo "2304"]
[BlackElo "2529"]
[WhiteTeam "Ljubljana Turtles"]
[BlackTeam "Barcelona Raptors"]
[WhiteFideId "14613921"]
[BlackFideId "2260735"]
[EventDate "2019.01.08"]

1. e4 c5 2. Nf3 d6 3. Bb5+ Nd7 4. d4 cxd4 5. Qxd4 a6 6. Bxd7+ Bxd7 7. Nc3 Rc8 8.
O-O e5 9. Qd3 Qc7 10. Rd1 h6 11. Nd2 Nf6 12. Nf1 Bg4 13. f3 Be6 14. Ne3 Be7 15.
Bd2 O-O 16. Rac1 Rfd8 17. Be1 Qb6 18. Na4 Qc6 19. Nc3 Rd7 20. Bf2 Bd8 21. Ncd5
Bxd5 22. Nxd5 Nxd5 23. Qxd5 Bg5 24. Rb1 Qxd5 25. Rxd5 Rxc2 26. h4 Bc1 27. b4
Rdc7 28. Rxd6 Rxa2 29. Bc5 Bf4 30. Rdd1 b6 31. Bxb6 Rcc2 32. Ra1 Rxg2+ 33. Kf1
Rab2 34. Rxa6 Rh2 35. Kg1 Rxb4 36. Be3 Rxh4 37. Bxf4 Rxf4 38. Kg2 Rb2+ 39. Kg3
Rb3 40. Rf1 Rxe4 41. Ra8+ Kh7 42. Ra7 Rf4 43. Kg2 Rb6 44. Re7 Rf5 45. Re1 Rg6+
46. Kf2 Rgg5 47. Re4 f6 48. Rf7 Rf4 49. Rxf4 exf4 50. Rb7 Re5 51. Rb4 g5 52. Kg2
Kg6 53. Kh3 Re3 54. Kg2 h5 55. Rb8 h4 56. Rg8+ Kf5 57. Rb8 h3+ 58. Kf2 h2 59.
Rh8 Ra3 60. Rxh2 Ra2+ 61. Kg1 Rxh2 62. Kxh2 Ke5 63. Kh3 Kd4 64. Kg4 Ke3 65. Kh3
Kxf3 66. Kh2 Ke2 0-1

[Event "PRO League Group Stage"]
[Site "chess.com INT"]
[Date "2019.01.10"]
[Round "1"]
[White "Alvarado Diaz, Alejandro"]
[Black "Sebenik, Matej"]
[Result "1-0"]
[WhiteTitle "IM"]
[BlackTitle "GM"]
[WhiteElo "2388"]
[BlackElo "2540"]
[WhiteTeam "Barcelona Raptors"]
[BlackTeam "Ljubljana Turtles"]
[WhiteFideId "2276119"]
[BlackFideId "14602296"]
[EventDate "2019.01.08"]

1. e4 c5 2. Nc3 Nc6 3. Bb5 Nd4 4. Nf3 a6 5. Bd3 Nc6 6. O-O d6 7. b3 Nf6 8. Bb2
e5 9. a4 Be7 10. Bc4 Be6 11. Ng5 Bxc4 12. bxc4 O-O 13. d3 Nd4 14. Nf3 Rb8 15.
Bc1 h6 16. Be3 Qa5 17. Bd2 Qd8 18. Be3 Qa5 19. Bd2 Qd8 20. Rb1 Qd7 21. Be3 Bd8
22. Nd2 Ba5 23. Nd5 Nxd5 24. cxd5 b5 25. axb5 axb5 26. f4 f6 27. Nf3 Bc3 28. f5
Ra8 29. Nh4 Ra2 30. Qg4 g5 31. Ng6 Rfa8 32. Qh5 Rxc2 33. Bxg5 Raa2 34. Bxf6
Rxg2+ 35. Kh1 Rxh2+ 36. Qxh2 Rxh2+ 37. Kxh2 b4 38. Rf2 Qb5 39. Rg1 Kf7 40. Nh8+
Kxf6 41. Rg6+ Ke7 42. f6+ 1-0

[Event "PRO League Group Stage"]
[Site "chess.com INT"]
[Date "2019.01.10"]
[Round "1"]
[White "Herrera Reyes, Jose Antonio"]
[Black "Borisek, Jure"]
[Result "0-1"]
[WhiteTitle "FM"]
[BlackTitle "GM"]
[WhiteElo "2324"]
[BlackElo "2584"]
[WhiteTeam "Barcelona Raptors"]
[BlackTeam "Ljubljana Turtles"]
[WhiteFideId "2274914"]
[BlackFideId "14603152"]
[EventDate "2019.01.08"]

1. Nf3 f5 2. d4 Nf6 3. c4 g6 4. Nc3 Bg7 5. h4 d6 6. Qc2 O-O 7. Bg5 Nbd7 8. O-O-O
c6 9. h5 Nxh5 10. e4 fxe4 11. Qxe4 Ndf6 12. Qh4 h6 13. Be3 Ng4 14. Bd3 Qe8 15.
Rde1 Bf6 16. Bxg6 Qxg6 17. Qxh5 Qxh5 18. Rxh5 Nxe3 19. fxe3 Bg7 20. Rh4 Rf6 21.
e4 Rg6 22. Re2 Bg4 23. e5 Rf8 24. exd6 exd6 25. d5 Bxf3 26. gxf3 Rxf3 27. dxc6
bxc6 28. Kc2 Rfg3 29. Rhe4 Rg2 30. Re8+ Kh7 31. Re7 h5 32. Kd3 R6g3+ 33. Ke4 h4
34. Rxg2 Rxg2 35. b3 h3 36. Kf3 Rg1 37. Ne2 h2 38. Kf2 Rg6 0-1

[Event "PRO League Group Stage"]
[Site "chess.com INT"]
[Date "2019.01.10"]
[Round "1"]
[White "Markoja, Boris"]
[Black "Diaz Camallonga, Carles"]
[Result "1-0"]
[WhiteTitle "IM"]
[BlackTitle "IM"]
[WhiteElo "2442"]
[BlackElo "2432"]
[WhiteTeam "Ljubljana Turtles"]
[BlackTeam "Barcelona Raptors"]
[WhiteFideId "14608502"]
[BlackFideId "22235256"]
[EventDate "2019.01.08"]

1. d4 e6 2. c4 Nf6 3. g3 Bb4+ 4. Bd2 a5 5. Bg2 d6 6. Nf3 Nbd7 7. O-O e5 8. Nc3
exd4 9. Nxd4 O-O 10. Nd5 Bc5 11. Bc3 c6 12. Nxf6+ Nxf6 13. Qd3 Qe7 14. e3 Re8
15. Nb3 Bb6 16. Bd4 Bxd4 17. Nxd4 Qc7 18. Rfd1 Ng4 19. Rd2 Ne5 20. Qc2 Bd7 21.
h3 Be6 22. b3 Nd7 23. Rad1 Nc5 24. Ne2 Rad8 25. Nc3 h6 26. Rd4 Rd7 27. Qd2 Red8
28. Kh2 Bf5 29. e4 Bh7 30. Qe3 Re8 31. Qc1 Ne6 32. R4d2 Nc5 33. f3 f5 34. exf5
Bxf5 35. Ne2 Ne6 36. Qc3 Bg6 37. h4 Ree7 38. Bh3 Rd8 39. Bg4 Nc5 40. Nf4 Bf7 41.
Bf5 Ne6 42. Bxe6 Bxe6 43. Rd4 Bf7 44. Qd3 Red7 45. Qf5 Re7 46. Qd3 Red7 47. Qd2
Qb6 48. Qe1 Qc5 49. Qf2 Qe5 50. Kg2 d5 51. cxd5 Bxd5 52. Kh2 c5 53. R4d2 Bc6 54.
Rxd7 Rxd7 55. Rxd7 Bxd7 56. Qd2 Bc6 57. Qxa5 Qb2+ 58. Kh3 Qd4 59. Qe1 Bxf3 60.
Qe6+ Kh8 61. Qc8+ Kh7 62. Qf5+ Kg8 63. Ne6 Qd7 64. Nxg7 Qxg7 65. Qxf3 Kh8 66.
Qd5 Qe7 67. Kg4 Kg7 68. Kf4 Qf6+ 69. Kg4 Qe7 70. h5 b5 71. Qf5 Qd6 72. Qf3 Qe6+
73. Kh4 Qd6 74. Kh3 Qd7+ 75. g4 b4 76. Kg3 Qd6+ 77. Qf4 Qd3+ 78. Kh4 Qc3 79.
Qc7+ Kg8 80. Qd8+ Kg7 81. Qd7+ Kg8 82. Qe8+ Kh7 83. Qg6+ Kh8 84. Qxh6+ Kg8 85.
Qe6+ Kf8 86. Kg5 Qd2+ 87. Kg6 1-0

[Event "PRO League Group Stage"]
[Site "chess.com INT"]
[Date "2019.01.10"]
[Round "1"]
[White "Joie, Sebastien"]
[Black "Tari, Aryan"]
[Result "1/2-1/2"]
[WhiteTitle "IM"]
[BlackTitle "GM"]
[WhiteElo "2439"]
[BlackElo "2625"]
[WhiteTeam "Cannes Blitzstreams"]
[BlackTeam "Norway Gnomes"]
[WhiteFideId "650420"]
[BlackFideId "1510045"]
[EventDate "2019.01.08"]

1. Nf3 d5 2. g3 g6 3. Bg2 Bg7 4. O-O e5 5. d3 Ne7 6. e4 O-O 7. exd5 Nxd5 8. Re1
Nc6 9. Nc3 Nde7 10. Bd2 h6 11. b4 Nxb4 12. Nxe5 Nbc6 13. Nxc6 Nxc6 14. Rb1 Nd4
15. Bxb7 Bxb7 16. Rxb7 Qf6 17. Nd5 Qf3 18. Ne7+ Kh7 19. Rxc7 Rfe8 20. c3 Qxd1
21. Rxd1 Ne6 22. Rd7 Nc5 23. Rd5 Na4 24. Nc6 Re2 25. Kf1 Rae8 26. Re1 Rxe1+ 27.
Bxe1 Nxc3 28. Ra5 Re6 29. Nxa7 Rb6 30. Bxc3 Bxc3 31. Rb5 Ra6 32. Rb7 Kg8 33. Nb5
Bb4 34. a3 Bxa3 35. Nxa3 Rxa3 36. Ke2 Kg7 37. Re7 Kf6 38. Re4 h5 39. h4 Kf5 40.
Ke3 Rb3 41. Re7 Kf6 42. Re8 Ra3 43. Rc8 Rb3 44. Rc2 Ke6 45. Ke4 Rb1 46. Rc6+ Ke7
47. Rc7+ Ke6 48. Rc2 Re1+ 49. Kd4 Kd6 50. Ra2 Rf1 51. Ke4 Ke6 52. Re2 Rd1 53.
Kd4+ Kd6 54. Ra2 Rf1 55. Ra6+ Ke7 56. Ke3 Rd1 57. d4 Re1+ 58. Kd2 Rf1 59. Ke2
Rb1 60. Ra7+ Ke6 61. d5+ Kxd5 62. Rxf7 Ke6 63. Rf8 Rb3 64. Rf3 Rb4 65. Ke3 Ke5
66. Rf8 Rb3+ 67. Ke2 Ke6 68. Rd8 Kf6 69. Rd3 Rb4 70. Ke3 Ra4 71. Rd6+ Kf7 72.
Rd4 Ra6 73. Rd7+ Kf6 74. Rd4 1/2-1/2

[Event "PRO League Group Stage"]
[Site "chess.com INT"]
[Date "2019.01.10"]
[Round "1"]
[White "Cornette, Deimante"]
[Black "Salomon, Johan"]
[Result "0-1"]
[WhiteTitle "IM"]
[BlackTitle "GM"]
[WhiteElo "2448"]
[BlackElo "2494"]
[WhiteTeam "Cannes Blitzstreams"]
[BlackTeam "Norway Gnomes"]
[WhiteFideId "12802859"]
[BlackFideId "1509500"]
[EventDate "2019.01.08"]

1. e4 c5 2. Nc3 d6 3. f4 g6 4. Nf3 Nc6 5. Bb5 Bd7 6. Bc4 Bg7 7. d3 Na5 8. Bd2
Nxc4 9. dxc4 Bc6 10. Qe2 e6 11. O-O-O Ne7 12. h4 Qc7 13. h5 O-O-O 14. h6 Bd4 15.
Nxd4 cxd4 16. Nb5 Bxb5 17. cxb5 d5 18. e5 Qc4 19. Qf2 Qxa2 20. Bb4 Nf5 21. Ba3
Ne3 22. Kd2 Nxd1 23. Rxd1 Qc4 24. Kc1 Qxb5 25. Qxd4 b6 26. Rd3 Kb7 27. g4 Rc8
28. b3 Rc6 29. Kb2 Rhc8 30. Rd2 Rc4 31. Qf2 a5 32. Qe2 a4 33. Ka2 Rxc2+ 34. Rxc2
Qxb3+ 35. Ka1 Rxc2 0-1

[Event "PRO League Group Stage"]
[Site "chess.com INT"]
[Date "2019.01.10"]
[Round "1"]
[White "Holm, Kristian Stuvik"]
[Black "Cornette, Matthieu"]
[Result "1/2-1/2"]
[WhiteTitle "IM"]
[BlackTitle "GM"]
[WhiteElo "2468"]
[BlackElo "2587"]
[WhiteTeam "Norway Gnomes"]
[BlackTeam "Cannes Blitzstreams"]
[WhiteFideId "1508083"]
[BlackFideId "620084"]
[EventDate "2019.01.08"]

1. d4 e6 2. c4 Nf6 3. Nc3 Bb4 4. Qc2 d5 5. cxd5 Qxd5 6. Nf3 Qf5 7. Qxf5 exf5 8.
a3 Be7 9. Bf4 c6 10. e3 Be6 11. Nd2 Nbd7 12. Bc4 Nd5 13. Bxd5 cxd5 14. Nb5 O-O
15. Rc1 a6 16. Bd6 Rfc8 17. Ke2 Kf8 18. Bxe7+ Kxe7 19. Nc7 Rab8 20. Nxe6 fxe6
21. Kd3 Kd6 22. f3 a5 23. e4 a4 24. Rc3 Rxc3+ 25. bxc3 b5 26. Rb1 Kc6 27. Re1
Kd6 28. Rb1 g6 29. h4 Rb7 30. g4 f4 31. g5 Kc6 32. Re1 Nb6 33. exd5+ exd5 34.
Re6+ Kd7 35. Rf6 Nc4 1/2-1/2

[Event "PRO League Group Stage"]
[Site "chess.com INT"]
[Date "2019.01.10"]
[Round "1"]
[White "Hansen, Torbjorn Ringdal"]
[Black "Lagarde, Maxime"]
[Result "0-1"]
[WhiteTitle "GM"]
[BlackTitle "GM"]
[WhiteElo "2419"]
[BlackElo "2604"]
[WhiteTeam "Norway Gnomes"]
[BlackTeam "Cannes Blitzstreams"]
[WhiteFideId "1501720"]
[BlackFideId "662399"]
[EventDate "2019.01.08"]

1. c4 Nc6 2. Nc3 e5 3. Nf3 f5 4. d4 e4 5. Ng5 Be7 6. Nh3 Nf6 7. Bg5 O-O 8. e3 d6
9. Nf4 Ng4 10. Bxe7 Nxe7 11. Be2 Nf6 12. Qc2 Bd7 13. h4 c6 14. f3 d5 15. O-O-O
b5 16. c5 a5 17. Rdg1 a4 18. Qd2 Qa5 19. fxe4 b4 20. Nd1 Nxe4 21. Qe1 Rf7 22. g4
fxg4 23. Bxg4 Nf5 24. h5 Ra7 25. Nd3 Qb5 26. Ne5 Re7 27. Nxd7 Qc4+ 28. Kb1 Qd3+
29. Kc1 b3 30. Nf6+ Nxf6 31. Qc3 Qxc3+ 32. Nxc3 Nxe3 33. Bf3 Nc4 34. Re1 Kf7 35.
Rhf1 Rxe1+ 36. Rxe1 g5 37. Rf1 a3 38. bxa3 bxa2 39. Nxa2 Rxa3 40. Rf2 Ke6 41.
Nb4 g4 42. Be2 g3 43. Rg2 Rc3+ 0-1

[Event "PRO League Group Stage"]
[Site "chess.com INT"]
[Date "2019.01.10"]
[Round "1"]
[White "Spoelman, Wouter"]
[Black "Delorme, Alban"]
[Result "1-0"]
[WhiteTitle "GM"]
[BlackTitle "FM"]
[WhiteElo "2578"]
[BlackElo "2320"]
[WhiteTeam "Amsterdam Mosquitoes"]
[BlackTeam "Marseille Migraines"]
[WhiteFideId "1010891"]
[BlackFideId "623636"]
[EventDate "2019.01.08"]

1. c4 e6 2. Nf3 d5 3. e3 Nf6 4. b3 Be7 5. Bb2 O-O 6. Qc2 c5 7. cxd5 exd5 8. d4
b6 9. Bd3 Nbd7 10. O-O Bb7 11. Nc3 g6 12. Rfd1 Rc8 13. Rac1 Qc7 14. Qe2 Qb8 15.
dxc5 bxc5 16. h3 Rfe8 17. Ba6 Bf8 18. Bxb7 Qxb7 19. Qb5 Qxb5 20. Nxb5 a6 21. Nc3
Nb6 22. a4 Rcd8 23. a5 Nc8 24. Na4 Ne4 25. Nd2 Nxd2 26. Rxd2 c4 27. bxc4 dxc4
28. Rxd8 Rxd8 29. Rxc4 Nd6 30. Rc6 Ne4 31. Bd4 Bg7 32. Nc5 Bxd4 33. Nxe4 Be5 34.
f4 f5 35. fxe5 fxe4 36. Rxa6 Rd5 37. e6 Re5 38. Rb6 Kg7 39. a6 Kf6 40. Kf2 Ra5
41. Kg3 Ra2 42. h4 Re2 43. Kf4 Rxg2 44. Kxe4 Rg4+ 45. Kd5 Rxh4 46. e4 Rh1 47.
e5+ Ke7 48. Rb7+ Ke8 49. a7 Rd1+ 50. Ke4 Re1+ 51. Kf3 Ra1 52. Rxh7 1-0

[Event "PRO League Group Stage"]
[Site "chess.com INT"]
[Date "2019.01.10"]
[Round "1"]
[White "Klein, David"]
[Black "Bacrot, Alexandre"]
[Result "1-0"]
[WhiteTitle "GM"]
[WhiteElo "2492"]
[BlackElo "2257"]
[WhiteTeam "Amsterdam Mosquitoes"]
[BlackTeam "Marseille Migraines"]
[WhiteFideId "1003623"]
[BlackFideId "26076837"]
[EventDate "2019.01.08"]

1. e4 e5 2. Nf3 Nc6 3. Bb5 a6 4. Ba4 Nge7 5. d4 exd4 6. Bb3 Na5 7. Qxd4 Nxb3 8.
axb3 d6 9. Bg5 f6 10. Bh4 Bg4 11. Nbd2 Nc6 12. Qe3 Nb4 13. Qc3 c5 14. O-O Qc7
15. h3 Bd7 16. Nc4 Be7 17. Rad1 O-O-O 18. e5 dxe5 19. Ncxe5 Be6 20. Nc4 Rxd1 21.
Rxd1 Rd8 22. Re1 Bxc4 23. Qxc4 Bd6 24. c3 Nd3 25. Re2 Ne5 26. Qe6+ Kb8 27. Nxe5
Bxe5 28. Rxe5 fxe5 29. Bxd8 Qxd8 30. Qxe5+ Qc7 31. Qxc7+ Kxc7 32. f4 Kc6 33. Kf2
b5 34. Ke3 Kd5 35. Kd3 c4+ 36. bxc4+ bxc4+ 37. Ke3 a5 38. g4 g6 39. f5 1-0

[Event "PRO League Group Stage"]
[Site "chess.com INT"]
[Date "2019.01.10"]
[Round "1"]
[White "Vachier-Lagrave, Maxime"]
[Black "Ducarmon, Quinten"]
[Result "1-0"]
[WhiteTitle "GM"]
[BlackTitle "IM"]
[WhiteElo "2780"]
[BlackElo "2479"]
[WhiteTeam "Marseille Migraines"]
[BlackTeam "Amsterdam Mosquitoes"]
[WhiteFideId "623539"]
[BlackFideId "1025007"]
[EventDate "2019.01.08"]

1. e4 c6 2. Nf3 d5 3. Nc3 Bg4 4. h3 Bxf3 5. Qxf3 Nf6 6. d3 e6 7. Be2 Nbd7 8. O-O
Bc5 9. Rd1 O-O 10. d4 dxe4 11. Nxe4 Be7 12. Nd2 Qa5 13. Nc4 Qd5 14. Qb3 Nb6 15.
a4 Rfd8 16. a5 Nxc4 17. Bxc4 Qh5 18. Re1 Rd7 19. c3 Rad8 20. Re5 Qh4 21. Bg5 1-0

[Event "PRO League Group Stage"]
[Site "chess.com INT"]
[Date "2019.01.10"]
[Round "1"]
[White "Bacrot, Etienne"]
[Black "Vrolijk, Liam"]
[Result "1-0"]
[WhiteTitle "GM"]
[BlackTitle "IM"]
[WhiteElo "2684"]
[BlackElo "2433"]
[WhiteTeam "Marseille Migraines"]
[BlackTeam "Amsterdam Mosquitoes"]
[WhiteFideId "605506"]
[BlackFideId "1048333"]
[EventDate "2019.01.08"]

1. e4 e5 2. Nf3 Nc6 3. Bc4 Bc5 4. d3 Nf6 5. O-O O-O 6. Re1 d6 7. c3 h6 8. h3 a5
9. Nbd2 Be6 10. Bb5 Ne7 11. d4 exd4 12. cxd4 Ba7 13. Nf1 Ng6 14. Ng3 d5 15. e5
Ne4 16. Nxe4 dxe4 17. Rxe4 Qd5 18. Bd3 c5 19. Re1 cxd4 20. Bd2 Rac8 21. Qa4 Bb8
22. Qxa5 Rc5 23. Qa3 Re8 24. Be4 1-0

[Event "PRO League Group Stage"]
[Site "chess.com INT"]
[Date "2019.01.10"]
[Round "1"]
[White "Meier, Georg"]
[Black "Berger, Steve"]
[Result "1-0"]
[WhiteTitle "GM"]
[BlackTitle "IM"]
[WhiteElo "2623"]
[BlackElo "2435"]
[WhiteTeam "Baden-Baden Snowballs"]
[BlackTeam "Berlin Bears"]
[WhiteFideId "4675789"]
[BlackFideId "4644786"]
[EventDate "2019.01.08"]

1. e4 e6 2. d4 d5 3. Nd2 c5 4. exd5 Qxd5 5. dxc5 Bxc5 6. Ngf3 Nf6 7. Bc4 Qc6 8.
Qe2 O-O 9. O-O b6 10. Nb3 Nbd7 11. Nxc5 Nxc5 12. Ne5 Qe4 13. Rd1 Bb7 14. f3 Qxe2
15. Bxe2 Rac8 16. c4 Rfd8 17. Bg5 h6 18. Bh4 g5 19. Bf2 Kf8 20. h4 Ke7 21. hxg5
hxg5 22. Be3 Rg8 23. Rd2 Ncd7 24. Bd4 Nxe5 25. Bxe5 Rcd8 26. Rad1 Rxd2 27. Rxd2
Bc6 28. b4 Rc8 29. Kf2 Ne8 30. b5 Bd7 31. Bc3 Rc7 32. Bb4+ Kf6 33. a4 e5 34. a5
Be6 35. Rc2 Bf5 36. Rc3 Ng7 37. c5 bxc5 38. Rxc5 Rd7 39. Bc3 Re7 40. g3 Kg6 41.
g4 Be6 42. Bxe5 f6 43. Bd4 Rd7 44. Ke3 Ne8 45. Rc6 Kf7 46. Ra6 Nd6 47. Rxa7 Rxa7
48. Bxa7 Nc4+ 49. Kd4 Nxa5 50. Bd3 Ke7 51. Bc5+ Kd7 52. Bb4 Nb7 53. Be4 Nd8 54.
Kc5 Nf7 55. Bc3 Nd6 56. Bc6+ 1-0

[Event "PRO League Group Stage"]
[Site "chess.com INT"]
[Date "2019.01.10"]
[Round "1"]
[White "Alekseenko, Kirill"]
[Black "Lagunow, Raphael"]
[Result "0-1"]
[WhiteTitle "GM"]
[BlackTitle "FM"]
[WhiteElo "2637"]
[BlackElo "2413"]
[WhiteTeam "Baden-Baden Snowballs"]
[BlackTeam "Berlin Bears"]
[WhiteFideId "4135539"]
[BlackFideId "24652644"]
[EventDate "2019.01.08"]

1. e4 c5 2. Nf3 Nc6 3. d4 cxd4 4. Nxd4 Nf6 5. Nc3 e5 6. Ndb5 d6 7. Bg5 a6 8. Na3
b5 9. Nd5 Be7 10. Bxf6 Bxf6 11. c4 Nd4 12. cxb5 Be6 13. Bd3 Bxd5 14. exd5 Qa5+
15. Qd2 axb5 16. Be4 O-O 17. Qxa5 Rxa5 18. h4 Rc8 19. Kd2 b4 20. Nc2 Nxc2 21.
Rac1 Rxa2 22. Rxc2 Rb8 23. b3 Rxc2+ 24. Bxc2 Bd8 25. Bd3 Bb6 26. Ke2 Bd4 27. Rc1
Bc3 28. h5 g6 29. g4 Kg7 30. Ke3 Kf6 31. Rc2 Kg5 32. hxg6 hxg6 33. Ra2 Kxg4 34.
Ra6 Bd4+ 35. Ke2 Bc5 36. Ra1 Rh8 37. Rg1+ Kf4 38. Kf1 Rh2 39. Rg2 Rxg2 40. Kxg2
e4 41. Bb5 f5 42. Be8 g5 43. Bg6 g4 44. Kf1 e3 45. fxe3+ Bxe3 46. Kg2 Kg5 47.
Be8 f4 48. Bd7 Kh4 0-1

[Event "PRO League Group Stage"]
[Site "chess.com INT"]
[Date "2019.01.10"]
[Round "1"]
[White "Huschenbeth, Niclas"]
[Black "Kollars, Dmitrij"]
[Result "0-1"]
[WhiteTitle "GM"]
[BlackTitle "GM"]
[WhiteElo "2585"]
[BlackElo "2562"]
[WhiteTeam "Berlin Bears"]
[BlackTeam "Baden-Baden Snowballs"]
[WhiteFideId "24604747"]
[BlackFideId "12909572"]
[EventDate "2019.01.08"]

1. e4 e5 2. Nf3 Nc6 3. Bb5 a6 4. Ba4 Nf6 5. O-O Bc5 6. c3 b5 7. Bc2 d5 8. a4
dxe4 9. axb5 exf3 10. Qxf3 e4 11. Bxe4 Ne5 12. Qe2 O-O 13. d4 Bg4 14. Qc2 Nxe4
15. Qxe4 Nf3+ 16. gxf3 Bh3 17. dxc5 Bxf1 18. Kxf1 Qd1+ 19. Qe1 Qxf3 20. Be3 axb5
21. Rxa8 Rxa8 22. Nd2 Qh1+ 23. Ke2 Qxh2 24. Nf3 Qh3 25. Qd1 Qe6 26. Qd3 Qb3 27.
Ng5 Qc4 28. Qxc4 bxc4 29. Nf3 f6 30. Bf4 c6 31. Nd2 Kf7 32. Nxc4 Ke6 33. b4 Ra2+
34. Nd2 h5 35. Bd6 h4 36. c4 Rb2 37. b5 cxb5 38. cxb5 Rxb5 39. Kf3 Rb4 40. Ne4
g5 41. c6 Rxe4 0-1

[Event "PRO League Group Stage"]
[Site "chess.com INT"]
[Date "2019.01.10"]
[Round "1"]
[White "Mons, Leon"]
[Black "Agrest, Inna"]
[Result "1-0"]
[WhiteTitle "GM"]
[BlackTitle "WIM"]
[WhiteElo "2544"]
[BlackElo "2275"]
[WhiteTeam "Berlin Bears"]
[BlackTeam "Baden-Baden Snowballs"]
[WhiteFideId "4614950"]
[BlackFideId "1708830"]
[EventDate "2019.01.08"]

1. b3 e5 2. Bb2 Nc6 3. e3 Nf6 4. h3 d5 5. Bb5 Bd6 6. Nf3 Qe7 7. d4 exd4 8. Qxd4
Bd7 9. Bxc6 Bxc6 10. Nbd2 Bd7 11. O-O O-O 12. c4 c5 13. Qh4 Bc6 14. Bxf6 Qxf6
15. Qxf6 gxf6 16. cxd5 Bxd5 17. Nc4 Bc7 18. a4 Rad8 19. Rfd1 Rfe8 20. Kf1 f5 21.
Nfd2 f6 22. g3 Kf7 23. Rac1 b6 24. Ke2 f4 25. gxf4 Bxf4 26. Nb1 Bb8 27. Nc3 Be6
28. h4 Bg4+ 29. f3 Be6 30. Ne4 Rxd1 31. Rxd1 Rg8 32. Kf2 Ke7 33. f4 Rg4 34. Rg1
Rxh4 35. Rg7+ Bf7 36. Ned6 Bxd6 37. Nxd6 Kxd6 38. Rxf7 Rh2+ 39. Kf3 Ke6 40. Rxa7
Rb2 41. a5 bxa5 42. Rxa5 Rxb3 43. Rxc5 Rb7 44. Rc6+ Kf7 45. e4 h5 46. f5 Re7 47.
Rc1 Re8 48. Kf4 Kg7 49. Rg1+ Kf7 50. Rh1 Rh8 51. Rb1 Re8 52. Rb2 Kg7 53. Rg2+
Kf7 54. Rh2 Rh8 55. Ra2 Re8 56. Ra7+ Kg8 57. Ra4 Kf7 58. Kg3 Rg8+ 59. Kh4 Rg5
60. Rb4 Ke7 61. Rb7+ Kd6 62. Rb6+ Ke7 63. Ra6 Kf7 64. Ra7+ Kf8 65. Rh7 Rg4+ 66.
Kxh5 Rxe4 67. Kg6 Rg4+ 68. Kxf6 Ke8 69. Rh8+ Kd7 70. Kf7 Rg1 71. f6 Rg2 72. Rh1 1-0